000 00557nam a22001817a 4500
005 20251108171810.0
008 250721s2001 xx 000 0 ara d
082 1 4 _a614.71/صفد
100 1 _aالصفدي، عصام حمدي
_eمؤلف
245 1 0 _aصحة البيئة و سلامتها /
264 1 _aعمان :
_bدار الياوزري العلمية للنشر و التوزيع،
_c2001.
300 _a185 ص.
650 1 7 _aالبيئة
650 1 7 _aالتلوث
700 1 _aالظاهر، نعيم
942 _2ddc
_cBK
999 _c62817
_d62817